Państwa na literę P - nagła śmierć na mapie - Statystyki

Ogólne statystyki
  • Ten quiz został rozwiązany 377 razy
  • Średni wynik to 7 z 11
Answers on the Grid
Answers color-coded by a green-red scale on the quiz's grid according to % correct below.
 
Statystyki odpowiedzi
Odpowiedź % Poprawnych
Polska
91%
Polska, Portugalia
91%
Paragwaj, Peru
82%
Panama, Peru
81%
Pakistan
71%
Pakistan
59%
Papua-Nowa Gwinea
44%
Papua-Nowa Gwinea
43%
Portugalia
42%
Palau, Papua-Nowa Gwinea
39%
Pakistan
29%
Nie znaleziono quizów pasujących do podanych kryteriów
Rozkład punktacji
Procent ludzi z każdym wynikiem
Percentyl według liczby udzielonych odpowiedzi
Twoja historia wyników
Nie rozwiązałeś tego quizu